[Event "EYCC 2017"]
[Site "Mamaia"]
[Date "2017.09.13"]
[Round "8"]
[White "Tsvetkov, Andrey"]
[Black "Musyuk, Lior"]
[Result "1/2-1/2"]
[WhiteElo "2219"]
[BlackElo "2087"]
[Annotator "TA"]
[PlyCount "58"]
[EventDate "2017.??.??"]
[EventType "swiss"]
[EventCountry "ROU"]
[SourceTitle "playchess.com"]
[Source "ChessBase"]
[SourceQuality "1"]

{[%evp 13,58,85,109,69,162,103,148,124,130,127,121,136,105,104,117,122,184,7,152,147,273,306,289,271,268,274,278,268,362,310,356,166,185,144,155,140,192,194,276,228,235,238,330,0,0,-283,-330]} 1. d4 c5 2. d5 Nf6 3. c4 e6 4. Nc3 exd5 5. cxd5 d6 6. e4 a6 7. f4 Qe7 {LiveBook: 3 Games. A65: Modern Benoni: 6 e4} (7... Bg4 8. Qa4+ Bd7 9. Qc2 Qe7 10. Nf3 Bg4 11. Be2 Nbd7 12. O-O Bxf3 13. Bxf3 g6 14. e5 dxe5 15. d6 Qxd6 16. Bxb7 {1-0 (44) Krysa,L (2537)-Munoz Pantoja,M (2497) Barcelona 2017}) 8. Bd3 b5 (8... g6 $14) 9. Qe2 (9. Nf3 $18) 9... Nbd7 $146 {White is better.} ({Predecessor:} 9... Bg4 10. Nf3 Nbd7 11. O-O g6 12. e5 dxe5 13. d6 Qe6 14. fxe5 c4 15. Be4 Nxe4 16. Qxe4 Bxf3 17. Rxf3 {½-½ (25) Villeneuve,A (2355)-Pirou,D Le Touquet 1992}) 10. Nf3 Bb7 11. O-O c4 12. Bc2 g6 13. Rd1 b4 14. Na4 Rc8 15. Rd4 $2 (15. Qd2 $1 $18) 15... Bxd5 (15... Bg7 $1 $11 {keeps the balance.}) 16. Bd2 $16 {Strongly threatening Re1.} a5 (16... c3 $16) 17. Re1 $18 Bb7 18. Rxc4 Bg7 19. Rxc8+ Bxc8 20. e5 Ng4 21. Ng5 h5 {[#]} 22. Qc4 $40 {[%mdl 128] White attacks with force.} (22. Bxg6 $142 $1 {[%mdl 512]} O-O (22... fxg6 23. Qc4) 23. Bxh5 Ndxe5 24. Qe4) 22... O-O {[%cal Rd7e5]} 23. Nxf7 Qh4 24. Nh6+ $1 (24. Nxd6+ $2 Kh8 $19) 24... Kh7 (24... Kh8 $16 {keeps fighting.} 25. Nxg4 Qxg4) 25. Nxg4 hxg4 (25... Qxg4 $142 26. exd6 Ne5) 26. exd6 {Re7 is the strong threat.} Ne5 {[#]} 27. Qe2 $1 ({Don't play} 27. fxe5 $6 Qf2+ 28. Kh1 Qxd2 $16) (27. Rxe5 Bxe5 28. Qe4 Bg7 $15) 27... Nc6 28. g3 $2 (28. Nc5 $18) 28... Qh5 $11 {White must now prevent ...Nd4.} 29. Be3 $2 {[%mdl 8192]} (29. Qf2 $11 {and White is okay.} Nd4 30. Re7) 29... Nd4 {[%mdl 32768] Precision: White = 46%, Black = 41%. . An unexpected result.} 1/2-1/2

[Event "EYCC 2017"]
[Site "Mamaia"]
[Date "2017.09.13"]
[Round "8"]
[White "Goltseva, Ekaterina"]
[Black "Badelka, Olga"]
[Result "0-1"]
[WhiteElo "2214"]
[BlackElo "2335"]
[Annotator "TA"]
[PlyCount "104"]
[EventDate "2017.??.??"]
[EventType "swiss"]
[EventCountry "ROU"]
[SourceTitle "playchess.com"]
[Source "ChessBase"]
[SourceQuality "1"]

{[%evp 24,104,93,82,96,84,70,104,181,165,141,125,108,85,88,61,224,216,217,70,79,61,84,71,79,80,96,83,104,64,100,98,99,70,74,28,22,0,0,0,0,0,0,-66,0,0,12,0,0,0,0,-14,-10,-10,-19,-107,-108,-97,-107,-102,-113,-274,-266,-291,-278,-564,-562,-541,-507,-836,-789,-836,-829,-1274,-1252,-1227,-1226,-1202,-1121,-1193,-1191,-1169,-1148]} 1. d4 d5 2. c4 dxc4 3. e3 Nf6 4. Bxc4 e6 5. Nf3 a6 6. O-O b5 7. Bd3 Bb7 8. Qe2 c5 9. dxc5 Nc6 {D28: Queen's Gambit Accepted: Classical main line: 7 Qe2 with early ...Nc6} 10. Rd1 (10. a4 b4 11. b3 Bxc5 12. Bb2 Be7 13. Rd1 Qa5 14. Nbd2 O-O 15. Nc4 Qh5 16. Nfe5 Qxe2 17. Bxe2 Rad8 18. Rac1 Ne4 19. Bf3 f5 {½-½ (19) Postny,E (2672)-Edouard,R (2635) London 2015}) 10... Qc7 11. a4 b4 12. b3 Bxc5 13. Bb2 $1 {LiveBook: 3 Games} Be7 14. Nbd2 O-O 15. Rac1 Rfc8 $146 (15... Nd5 $16) ({Find the theoretical novelty and annotate with similar games:} 15... Nd5 16. Ne4 Qa5 17. Neg5 h6 18. Bh7+ Kh8 19. Bb1 Bxg5 20. Nxg5 {½-½ (57) Riess,A (2208)-Grabarczyk,M (2445) Lueneburg 2016}) 16. Ne5 $1 $18 Qb6 17. Ndc4 Qc5 18. Nxc6 Qxc6 {[%csl Gb7][%cal Rc6g2]} 19. f3 Bc5 $2 (19... Nd5 $14) 20. Bxf6 $1 gxf6 {[#]} 21. Kh1 ({Only move:} 21. Nd6 $1 $18 {[%mdl 512]}) 21... Qc7 $14 22. Qe1 {Black must now prevent a5.} f5 23. e4 fxe4 24. Bxe4 Bxe4 25. fxe4 Qf4 26. Qe2 Bf8 27. Rf1 Qg5 28. Rcd1 Rd8 29. Qf2 {aiming for Rxd8.} Qh5 $1 30. Rxd8 Rxd8 31. h3 Bg7 32. Qf4 h6 33. Nd6 (33. Rf3 $11) 33... Rf8 ({Black should try} 33... Rd7 $15) 34. Nc4 (34. Qe3 {looks sharper.} Qg6 35. Qe1 Bc3 36. Qf2 Bg7 37. Kg1) 34... Qe2 35. Qf3 (35. Rf3 {seems wilder.} Qe1+ 36. Kh2 Bd4 37. Rf1 Qe2 38. e5) 35... Qxf3 36. Rxf3 $11 {[%mdl 4096] Endgame KRB-KRN} Rd8 37. e5 Rd1+ 38. Kh2 Re1 39. Rg3 (39. Kg3 $1 $11) 39... Kf8 $17 40. Rg4 h5 41. Rh4 Rb1 42. Re4 $2 (42. Rd4 $17) 42... Rxb3 $19 {...Rc3 is the strong threat.} 43. Na5 Rb1 44. Nc6 $2 (44. Kg3) 44... b3 {[%cal Bb4b3,Bb3b2][%mdl 32] Black is clearly winning.} 45. Rb4 {[%cal Rb4b8]} Bh6 46. Nb8 (46. Na5 $142 b2 47. Kg3) 46... b2 47. Nd7+ Kg7 48. Nf6 Bd2 49. Rb3 Bf4+ 50. g3 Bxe5 51. Nxh5+ Kh6 52. Nf4 Rd1 {Precision: White = 29%, Black = 71%.} 0-1

[Event "EYCC 2017"]
[Site "Mamaia"]
[Date "2017.09.13"]
[Round "8"]
[White "Oglaza, Oskar"]
[Black "Suleymanli, Aydin"]
[Result "1/2-1/2"]
[WhiteElo "2198"]
[BlackElo "2351"]
[Annotator "TA"]
[PlyCount "59"]
[EventDate "2017.??.??"]
[EventType "swiss"]
[EventCountry "ROU"]
[SourceTitle "playchess.com"]
[Source "ChessBase"]
[SourceQuality "1"]

1. e4 {Program Activation Required} e6 2. d4 d5 3. Nc3 Nc6 4. e5 Nge7 5. Nf3 Nf5 (5... Bd7 6. Ne2 Nf5 7. Ng3 Nh4 8. c3 g6 9. Bf4 f6 10. Nxh4 fxe5 11. Nxg6 hxg6 12. dxe5 Qh4 13. Ne2 {½-½ (32) Karjakin,S (2753)-Jobava,B (2699) Khanty-Mansiysk 2015}) 6. h4 {C10: Französische Verteidigung (Rubinstein-Variante)} h5 7. Bg5 f6 8. Bf4 Bb4 9. Bd3 Nce7 $146 ({Vorgänger:} 9... O-O 10. Bxf5 exf5 11. O-O Bxc3 12. bxc3 fxe5 13. dxe5 {1-0 (48) Hrdy,T-Benes,J (1869) ICCF email 2008}) 10. a3 Bxc3+ 11. bxc3 c5 12. dxc5 Qa5 13. O-O Qxc3 14. Bd2 Qxc5 15. Bb4 Qc7 16. Re1 Bd7 17. Rb1 O-O-O 18. Nd4 fxe5 19. Nxf5 Nxf5 20. Bxf5 exf5 21. Qxd5 Rhe8 22. Ba5 b6 23. Qa8+ Qb8 24. Qxb8+ Kxb8 25. Bc3 e4 26. Bxg7 Ba4 27. Rb4 Bxc2 28. Rb5 e3 29. Be5+ Kb7 30. Rxe3 1/2-1/2

[Event "EYCC 2017"]
[Site "Mamaia"]
[Date "2017.09.13"]
[Round "8"]
[White "Martinovici, Ilie"]
[Black "Salemgareev, Tagir"]
[Result "1-0"]
[WhiteElo "2197"]
[BlackElo "2354"]
[Annotator "TA"]
[PlyCount "158"]
[EventDate "2017.??.??"]
[EventType "swiss"]
[EventCountry "ROU"]
[SourceTitle "playchess.com"]
[Source "ChessBase"]
[SourceQuality "1"]

1. d4 {Program Activation Required} d5 2. c4 c6 3. Nf3 Nf6 4. Qc2 dxc4 5. Qxc4 Bg4 6. Nc3 {D23: Angenommenes Damengambit} (6. Nbd2 Nbd7 7. g3 e6 8. Bg2 Be7 9. Qb3 Qb6 10. O-O O-O 11. Nc4 Qa6 12. Bg5 h6 13. Bxf6 Bxf6 14. e3 {½-½ (43) Kozul,Z (2617)-Mamedov,R (2689) Minsk 2017}) 6... Nbd7 7. Bf4 e6 8. e4 Be7 9. Be2 O-O 10. Rd1 $146 ({Vorgänger:} 10. O-O Rc8 11. Rfd1 b5 12. Qd3 a6 13. a4 b4 {½-½ (98) Donchenko,A (2498)-Gledura,B (2395) Zalakaros 2014}) 10... Qa5 11. O-O Rad8 12. a3 Bxf3 13. Bxf3 e5 14. dxe5 Nxe5 15. Qe2 Nfd7 16. Bg4 Nxg4 17. Qxg4 Nc5 18. Bg5 Bxg5 19. Qxg5 Qb6 20. Qe3 a5 21. e5 Nd7 22. Rd4 Qc7 23. e6 fxe6 24. Qxe6+ Kh8 25. Qe7 Rfe8 26. Qf7 Rf8 27. Qe7 Rfe8 28. Qf7 Qc8 29. Rg4 Rg8 30. Rh4 Nf8 31. Re1 Qd7 32. Qh5 b6 33. Rhe4 Qd6 34. Qf5 Nd7 35. Re6 Qc5 36. Qxc5 Nxc5 37. Rxc6 Nd3 38. Rb1 Rgf8 39. f3 Nf4 40. Ne4 b5 41. Rc5 Rb8 42. Rd1 h6 43. Nd6 a4 44. Nxb5 Rf6 45. Rd2 Rfb6 46. Nd4 Rxb2 47. Rxb2 Rxb2 48. Rc2 Rb1+ 49. Kf2 Ra1 50. Rc8+ Kh7 51. Nc2 Rd1 52. Rc4 g5 53. g3 Rd2+ 54. Ke1 Rxh2 55. gxf4 gxf4 56. Nd4 h5 57. Ne2 Kg6 58. Rxf4 Kg5 59. Rxa4 Rh1+ 60. Kf2 Ra1 61. Kg3 h4+ 62. Rxh4 Rxa3 63. Rc4 Rb3 64. Rc5+ Kf6 65. Kg4 Rb2 66. Ng3 Rb8 67. f4 Rg8+ 68. Rg5 Ra8 69. Ne4+ Ke6 70. Re5+ Kf7 71. f5 Ra1 72. Ng5+ Kg7 73. Re7+ Kf6 74. Rf7+ Ke5 75. Nf3+ Kd6 76. Kg5 Rf1 77. Nh4 Ke5 78. Ng6+ Kd6 79. Kf6 Kd5 1-0

[Event "EYCC 2017"]
[Site "Mamaia"]
[Date "2017.09.13"]
[Round "8"]
[White "Rozman, Monika"]
[Black "Diakonova, Ekaterina"]
[Result "0-1"]
[WhiteElo "2194"]
[BlackElo "2276"]
[Annotator "TA"]
[PlyCount "74"]
[EventDate "2017.??.??"]
[EventType "swiss"]
[EventCountry "ROU"]
[SourceTitle "playchess.com"]
[Source "ChessBase"]
[SourceQuality "1"]

{[%evp 25,74,19,8,0,-6,-21,-30,-43,-24,-55,-52,-79,-57,-79,-79,-72,-63,-86,-74,-128,-130,-133,-123,-173,-150,-156,-156,-153,-133,-154,-164,-209,-190,-233,-158,-401,-384,-392,-367,-454,-445,-422,-414,-797,-779,-783,-743,-629,-462,-797,-701]} 1. e4 c6 2. d4 d5 3. Nc3 dxe4 4. Nxe4 Bf5 5. Ng3 Bg6 6. h4 h6 7. h5 Bh7 8. Nf3 e6 9. Bd3 Bxd3 10. Qxd3 Nf6 11. Bd2 Be7 12. O-O-O O-O 13. Kb1 {B19: Classical Caro-Kann: 4...Bf5 main line} c5 {LiveBook: 48 Games} 14. Bc3 Nbd7 15. dxc5 {The position is equal.} Nxc5 {[#]} 16. Qxd8 $146 ({Find the theoretical novelty and annotate with similar games:} 16. Qe2 Qb6 17. Bd4 Qa6 18. c4 Ncd7 19. Nf1 Qc6 20. Ne3 Rfd8 {½-½ (64) Svidler,P (2690)-Leko,P (2670) Madrid 1998}) 16... Rfxd8 17. Rxd8+ Rxd8 18. Re1 {[#]} Nfe4 $1 {[%mdl 512]} 19. Nxe4 (19. Rxe4 Rd1#) 19... Nxe4 20. Bd4 {[#]} Nd2+ $1 {[%mdl 512]} 21. Nxd2 {c3 is the strong threat.} Rxd4 $15 {[%mdl 4096] Endgame KRB-KRN} 22. Nb3 (22. Nf3 $142 Rd5 23. g4) 22... Rh4 $17 23. Rd1 Kf8 24. a3 Ke8 25. Na5 b6 {[%cal Bb7b6,Bb6b5,Bb5c4][%mdl 32]} 26. Nc6 a5 27. Nxe7 Kxe7 {KR-KR} 28. Rd3 Rxh5 29. Rb3 b5 30. c4 $2 (30. Kc1 $17 {might work better.}) 30... bxc4 $19 31. Rb7+ Kf6 32. Rc7 Rh2 33. Rxc4 Rxg2 34. Rf4+ (34. b4 $142 Rg5 35. a4) 34... Ke7 {Black is clearly winning.} 35. b4 axb4 36. axb4 h5 {White must now prevent ...g5.} 37. Kc2 (37. Rf3 $142) 37... Rg4 {Precision: White = 19%, Black = 69%.} 0-1

[Event "EYCC 2017"]
[Site "Mamaia"]
[Date "2017.09.13"]
[Round "8"]
[White "Trimitzios, Petros"]
[Black "Gaifullin, Artur"]
[Result "0-1"]
[WhiteElo "2191"]
[BlackElo "2413"]
[Annotator "TA"]
[PlyCount "58"]
[EventDate "2017.??.??"]
[EventType "swiss"]
[EventCountry "ROU"]
[SourceTitle "playchess.com"]
[Source "ChessBase"]
[SourceQuality "1"]

{[%evp 20,58,22,22,22,27,67,42,39,23,45,26,51,37,66,47,61,4,14,0,0,-6,0,-7,0,-26,-12,-15,0,-157,-158,-1304,-1288,-1501,-1472,-29986,-29987,-29990,-29991,-29991,-29992]} 1. d4 Nf6 2. c4 e6 3. Nf3 d5 4. g3 Bb4+ 5. Bd2 Be7 6. Bg2 O-O 7. Qc2 {E11: Bogo-Indian} (7. O-O Nbd7 8. Bf4 c6 9. Nc3 b6 10. cxd5 exd5 11. Rc1 Bb7 12. Qc2 Re8 13. Rfd1 Nf8 14. e4 dxe4 15. Ne5 Nd5 16. Nxe4 Ne6 17. Be3 Rc8 18. Qb3 Bf8 19. Nc3 Nxe3 20. fxe3 Rc7 21. Kh1 {1-0 (54) Dominguez Perez,L (2739)-Caruana,F (2807) Saint Louis 2017}) 7... Nbd7 8. O-O Ne4 9. Nc3 Nxd2 10. Nxd2 c6 11. Rfd1 {LiveBook: 4 Games} f5 12. e3 Bf6 $146 ({Predecessor:} 12... Nf6 13. a3 Bd7 14. b4 a6 15. Ne2 Ne4 {0-1 (40) Dang,H (2309)-Ni,H (2691) Ho Chi Minh City 2016}) 13. cxd5 cxd5 14. Rac1 Nb6 15. Nb3 g5 16. Nc5 Kh8 17. b3 Qe7 18. f4 (18. a4 $14) 18... gxf4 $11 19. gxf4 Nd7 20. Nd3 b6 21. Ne2 Ba6 22. Qd2 Rg8 23. Kh1 $1 Bh4 (23... Bxd3 $5 24. Qxd3 Bh4 $11) 24. Nb4 $2 {[#]} (24. Ne5 $11) 24... Rxg2 $1 $17 {[%mdl 512]} 25. Nxa6 $2 (25. Kxg2 $17 Bxe2 26. Qxe2 Qxb4 27. Kh1) 25... Rag8 $19 26. Rc8 Nf8 {( -> ...Bf2)} 27. Rc7 Qe8 {Black mates.} 28. Rg1 Qg6 29. Qd1 Bf2 {Precision: White = 32%, Black = 63%.} 0-1

[Event "EYCC 2017"]
[Site "Mamaia"]
[Date "2017.09.13"]
[Round "8"]
[White "Antonica, Dragos-Andrei"]
[Black "Chyzy, Jakub"]
[Result "1-0"]
[WhiteElo "2188"]
[BlackElo "2060"]
[Annotator "TA"]
[PlyCount "81"]
[EventDate "2017.??.??"]
[EventType "swiss"]
[EventCountry "ROU"]
[SourceTitle "playchess.com"]
[Source "ChessBase"]
[SourceQuality "1"]

1. d4 {Program Activation Required} d5 2. c4 e6 3. Nc3 Nf6 4. cxd5 exd5 5. Bg5 Be7 6. e3 Nbd7 7. Bd3 O-O 8. Nge2 Re8 9. O-O Nf8 10. b4 Bxb4 {D35: Damengambit (Abtauschvariante)} (10... Ne6 11. Bxf6 Bxf6 12. Qb3 c6 13. b5 g6 14. Rab1 Qd6 15. bxc6 bxc6 16. Qa4 Bd8 17. e4 dxe4 18. Nxe4 {1-0 (58) Le,Q (2647)-Savchenko,B (2638) Moscow 2010}) 11. Bxf6 gxf6 12. Nxd5 Bd6 13. Ndc3 c6 $146 ({Vorgänger:} 13... Ng6 14. Ne4 Bf8 15. Rb1 a5 16. Qc2 c6 17. N2g3 a4 18. Nc5 b5 19. Be4 Qb6 20. Nxa4 {1-0 (20) Barsov,A (2530)-Allicock,R (2303) Caerleon 2005}) 14. Rb1 f5 15. Ng3 Qh4 16. d5 Be5 17. dxc6 bxc6 18. Qc2 Be6 19. Nce2 Rad8 20. Rfd1 f4 21. exf4 Bd6 22. Qxc6 Bxa2 23. Ra1 Bb3 24. Rdb1 Be6 25. f5 Bd5 26. Qxd5 Bxg3 27. hxg3 Rxd5 28. gxh4 Rxd3 29. Ng3 Re7 30. Nh5 Nd7 31. Rxa7 Kf8 32. Rbb7 Rd1+ 33. Kh2 Rd4 34. g3 f6 35. Nxf6 Nxf6 36. Rxe7 Ng4+ 37. Kg2 Rd2 38. Rf7+ Ke8 39. Rxh7 Rxf2+ 40. Kh3 Rh2+ 41. Kxg4 1-0

[Event "EYCC 2017"]
[Site "Mamaia"]
[Date "2017.09.13"]
[Round "8"]
[White "Borhy, Marcell"]
[Black "Mochalin, Faddey"]
[Result "0-1"]
[WhiteElo "2178"]
[BlackElo "2052"]
[Annotator "TA"]
[PlyCount "140"]
[EventDate "2017.??.??"]
[EventType "swiss"]
[EventCountry "ROU"]
[SourceTitle "playchess.com"]
[Source "ChessBase"]
[SourceQuality "1"]

{[%evp 11,140,0,0,-37,-35,-21,-41,-51,6,0,8,0,5,-45,-29,-99,-93,-112,-91,-110,-39,-40,-39,-37,-15,-16,1,-31,-31,-42,-21,-19,-2,-2,15,-64,41,25,27,32,38,22,50,0,0,-6,0,-1,-7,-68,-66,-58,-23,-113,-32,-208,-201,-368,-391,-372,-121,-113,-113,-158,-167,-94,-149,-184,-75,0,-51,-341,61,-13,-5,-124,-135,-130,-122,-120,-108,-108,-129,-166,-86,-106,-110,-583,-578,-581,-587,-1038,-1031,-1024,-1021,-1006,-989,-996,-980,-1765,-1737,-1602,-1585,-1550,-1356,-1312,-1264,-1253,-1141,-986,-620,-882,-862,-1927,-1809,-1764,-1337,-29981,-4132,-1200,-1052,-4132,-2481,-29984,-29985,-29984,-29985,-29985,-29986,-29986,-29987]} 1. d4 d5 2. c4 e6 3. Nf3 Nf6 4. g3 dxc4 5. Bg2 a6 6. Ne5 Bb4+ {LiveBook: 93 Games. E04: Open Catalan: 5 Nf3} (6... c5 7. Be3 Nd5 8. Nc3 Nxe3 9. fxe3 Nd7 10. Nxc4 Be7 11. O-O O-O 12. a4 Nb6 13. Nxb6 Qxb6 14. a5 Qc7 15. Na4 cxd4 {0-1 (47) Nguyen,N (2649)-Wang,H (2717) Ho Chi Minh City 2016}) 7. Kf1 O-O 8. Nxc4 $146 ({Predecessor:} 8. a3 Be7 9. Nc3 c5 10. dxc5 Bxc5 11. Qxd8 Rxd8 12. Bg5 Ra7 13. Nxc4 b5 14. Nd2 {0-1 (90) Yurasova,D (1996)-Babanin,G (2137) St Petersburg 2017}) 8... Nc6 {The position is equal.} 9. e3 {[#]} Bd7 (9... e5 $1 $15 {[%mdl 512]} 10. a3 (10. Nxe5 Nxe5) 10... Be7 11. Bxc6 bxc6 12. Nxe5 Bd6) 10. a3 Be7 11. Nc3 Rb8 12. Bf3 b5 13. Nd2 (13. Ne5 $11 Nxe5 14. dxe5) 13... e5 $17 14. d5 Bh3+ 15. Kg1 Na5 (15... b4 $17 16. axb4 Nxb4) 16. b4 $15 Nb7 {[%cal Ba5b7,Bb7d6,Bd6c4][%mdl 32]} 17. e4 Nd6 18. Bg2 Bc8 19. Nf1 Nc4 (19... c6 $5) 20. h3 Ne8 21. Ne3 Nb6 22. f4 Bd6 23. Qf3 (23. f5 $11) 23... Qf6 ({Black should play} 23... f5 $15 24. Nxf5 Bxf5 25. exf5 exf4) 24. f5 (24. Ng4 $5 {[%cal Rg4f6]} Bxg4 25. hxg4 $14) 24... Bd7 25. h4 Qd8 26. g4 Ra8 27. Bf1 (27. Rb1 $14) 27... a5 $11 28. Rb1 axb4 29. axb4 Na4 30. Bd2 ({But not} 30. Nxb5 $2 Bxb5 31. Bxb5 Nc3 $19) (30. Ncd1 $11) 30... Nxc3 $15 31. Bxc3 c5 32. g5 (32. Nc2 $11 {remains equal.}) 32... Qb6 (32... f6 $17 33. Bxb5 Bxb5 34. bxc5 Bd3) 33. bxc5 $2 (33. Kg2 $15) 33... Bxc5 $19 {And now ...Ra3 would win.} 34. Bd2 $2 (34. Rh3 Ra3 35. Bb4 Bxb4 36. Rxb4) 34... Ra2 35. Bc1 Rc2 $2 (35... Nd6 $19 {is more deadly. Strongly threatening ...Nxe4!} 36. Bd3 Rfa8) 36. Rh3 $17 Nd6 37. Kh1 Rc3 $1 38. Bd2 Ra3 39. Bc1 Ra4 (39... Rfa8 $1 $19 {and Black stays clearly on top.} 40. Bxa3 Rxa3) 40. Bd3 Rfa8 41. Ng4 $2 {[%mdl 8192] [#]} ({Better is} 41. h5 $15) 41... Bd4 $2 ({Black should try} 41... Bxf5 $1 $19 {[%mdl 512]} 42. exf5 e4) 42. Qg3 (42. Rg3 $1 $14) 42... Kh8 {aiming for ...Qc5.} 43. Nxe5 (43. Rh2 $11 {keeps the balance.}) 43... Bxe5 44. Qxe5 {[#]} Nxe4 $1 45. Be3 Nf2+ 46. Bxf2 Qxf2 47. Rf1 {[#]} Qd4 (47... Qc5 $1 $19 {Hoping for ...Re8.} 48. Re1 Rd4) 48. Re1 Qg4 $40 {[%mdl 128] White is in trouble.} 49. Qe3 $2 {[%mdl 8192]} (49. Qg3 $17 {is a better chance.}) 49... Ra1 $19 {( -> ...Rxe1+)} 50. Bf1 R1a3 51. Qxa3 Rxa3 52. Rxa3 Qxh4+ 53. Kg2 Qxe1 54. Ra8+ Be8 55. Bxb5 Qd2+ 56. Kg1 Qxg5+ 57. Kh2 Qf4+ 58. Kg2 Qe4+ 59. Kg1 Qd4+ 60. Kf1 h5 61. Rxe8+ {[%mdl 4096] Endgame KQ-KRB} Kh7 62. Bc6 h4 63. Re2 h3 64. Rh2 Qf4+ (64... Qc4+ $142 65. Ke1 Qc1+ 66. Kf2 Qf4+ 67. Ke1 Qxh2 68. d6 Qe5+ 69. Kf2 Qc5+ 70. Kg3 Qxd6+ 71. Kxh3 Qxc6 72. Kg3 Qe4 73. Kf2 g5 74. fxg6+ Kxg6 75. Kf1 Qc2 76. Ke1 Kf5 77. Kf1 Kf4 78. Ke1 Kg3 79. Kf1 Qf2#) 65. Rf2 Qg3 66. f6 gxf6 67. Rxf6 Qd3+ {Black mates.} 68. Kg1 Qd4+ 69. Rf2 {[#]} h2+ $1 70. Kg2 {[#]} (70. Kxh2 Qxf2+) 70... h1=Q+ $1 {Precision: White = 23%, Black = 41%.} 0-1

[Event "EYCC 2017"]
[Site "Mamaia"]
[Date "2017.09.13"]
[Round "8"]
[White "Korchagina, Alena"]
[Black "Gueci, Tea"]
[Result "1/2-1/2"]
[WhiteElo "2158"]
[BlackElo "2181"]
[Annotator "TA"]
[PlyCount "67"]
[EventDate "2017.??.??"]
[EventType "swiss"]
[EventCountry "ROU"]
[SourceTitle "playchess.com"]
[Source "ChessBase"]
[SourceQuality "1"]

1. Nf3 {Program Activation Required} d5 2. d4 Nf6 3. c4 e6 4. Nc3 c6 5. cxd5 exd5 6. Bg5 Be7 7. Qc2 g6 8. e4 dxe4 9. Bxf6 Bxf6 10. Qxe4+ Qe7 11. Bc4 O-O 12. Qxe7 {D36: Damengambit (Abtauschvariante)} Bxe7 13. O-O-O (13. O-O Nd7 14. Rfe1 Bd6 15. Ne4 Bb4 16. Re3 Nb6 17. Bb3 Kg7 18. Nc5 Nd7 19. Rc1 Nf6 {½-½ (49) Lysyj,I (2598)-Frolyanov,D (2557) Serpukhov 2008}) 13... Bg4 $146 ({Vorgänger:} 13... Nd7 14. d5 cxd5 15. Nxd5 Bd8 16. Ne3 Nb6 17. Bb3 Bf6 18. Rd6 Be7 19. Rd3 Bd7 {½-½ (59) Burdyko,A (2105)-Metlyaev,E Irkutsk 2009}) 14. Rde1 Bd8 15. Ne4 Bxf3 16. gxf3 Nd7 17. Nd6 b5 18. Bb3 Bg5+ 19. Kb1 Nb6 20. h4 Bf4 21. Ne4 h5 22. Nc5 Rfe8 23. Nd3 Bd6 24. Rxe8+ Rxe8 25. Rc1 Rc8 26. f4 Kg7 27. Ne5 Bxe5 28. fxe5 Rd8 29. Rxc6 Rxd4 30. Rc7 Rd7 31. Rc5 Rd4 32. Rc7 Rd7 33. Rc5 Rd4 34. Rc7 1/2-1/2